Großstädte in den Niederlanden - Statistiken

Allgemein
  • Dieses Quiz wurde 254 mal gespielt
  • Das Durchschnittsergebnis liegt bei 15 aus 31
Antwortstatistiken
Rang Einwohner Stadt % Korrekt
1.) 855.896 Amsterdam
100%
2.) 638.751 Rotterdam
99%
3.) 531.935 Den Haag
94%
4.) 347.526 Utrecht
88%
8.) 202.900 Groningen
85%
5.) 229.184 Eindhoven
83%
22.) 122.716 Maastricht
76%
14.) 157.277 Arnhem (Arnheim)
64%
13.) 158.276 Enschede
63%
31.) 101.228 Venlo
63%
10.) 175.928 Nijmegen (Nimwegen)
58%
6.) 215.631 Tilburg
55%
19.) 126.158 Zwolle
55%
27.) 108.500 Alkmaar
53%
12.) 159.819 Haarlem
53%
9.) 183.749 Breda
51%
21.) 124.320 Leiden
45%
17.) 153.429 's-Hertogenbosch
39%
7.) 203.997 Almere
38%
15.) 155.215 Amersfoort
36%
11.) 161.181 Apeldoorn
34%
23.) 122.393 Leeuwarden
34%
30.) 102.280 Delft
33%
24.) 118.466 Dordrecht
32%
29.) 107.216 Emmen
26%
16.) 154.826 Zaanstad
20%
25.) 114.620 Ede
17%
20.) 124.719 Zoetermeer
17%
18.) 147.302 Haarlemmermeer
16%
26.) 109.667 Alphen aan den Rijn
10%
28.) 107.488 Westland
9%
Keine übereinstimmenden Quizze gefunden
Verteilung der Resultate
Anzahl Personen mit jedem Resultat
Perzentil nach korrekt beantworteten Fragen
Ihre Resultats-Entwicklung
Sie haben dieses Quiz noch nicht gespielt